Statistics for Countries that owns or used to own atomic bomb.

Click here to take the quiz!

General Stats

  • This quiz has been taken 100 times
  • The average score is 9 of 13

Answer Stats

HintAnswer% Correct
Still owns itRussia
97%
Still owns itUSA
93%
Still owns itUnited Kingdom
89%
Still owns itChina
88%
Still owns itFrance
86%
Still owns itIndia
84%
Still owns itNorth Korea
82%
Still owns itPakistan
77%
Still owns itIsrael
61%
doesn't own it anymoreUkraine
46%
doesn't own it anymoreSouth Africa
39%
doesn't own it anymoreKazakhstan
30%
doesn't own it anymoreBelarus
18%

Score Distribution

Percentile by Number Answered

Percent of People with Each Score

Your Score History

You have not taken this quiz